000 00466nam a2200181Ia 4500
001 18487
005 20260306171634.0
008 260306s9999||||xx |||||||||||||| ||und||
041 _aESP
082 _aS 658.406
_bG91
100 _aGuízar Montúfar, Rafael
_eAUT
245 0 _aDesarrollo organizacional:
_bPrincipios y aplicaciones
260 _c2004
300 _axxii, 405 páginas :
_c23 cm.
650 _aGEN
654 _aCAN
942 _cLIB
_dJUS
_fJUS
_2ddc
_n
999 _c18487
_d18487